| 000 | 00774nam a2200253 i 4500 | ||
|---|---|---|---|
| 003 | EG-ScBUE | ||
| 005 | 20230926104330.0 | ||
| 008 | 200219s2020 ctu f 000 0 eng d | ||
| 020 | _a9780473519414 | ||
| 040 |
_aEG-ScBUE _beng _erda _cEG-ScBUE _dEG-ScBUE |
||
| 082 | 0 | 4 |
_222 _a794.8 _bMCR |
| 100 | 1 |
_aMcRae, Edwin, _eauthor. |
|
| 245 | 1 | 0 |
_aNarrative design for writers / _cEdwin Mcrae. |
| 264 | 1 |
_a[North Haven, CT] : _bFiction Engine, _c2020. |
|
| 300 |
_avi, 222 pages ; _c24 cm |
||
| 336 |
_2rdacontent _atext _btxt |
||
| 337 |
_2rdamedia _aunmediated _bn |
||
| 338 |
_2rdacarrier _avolume _bnc |
||
| 650 | 7 |
_aVideo games _xDesign. _2BUEsh |
|
| 650 | 7 |
_aVideo games _xAuthorship. _2BUEsh |
|
| 653 |
_cSeptember2023 _bART _2GD |
||
| 655 | _vReading book | ||
| 942 |
_2ddc _cBB |
||
| 999 |
_c30587 _d30558 |
||